000 00373pam a2200157a 44500
008 230515b1979 xxu||||| |||| 00| 0 eng d
020 _aNULL
041 _aENGLISH
082 _aN.D.
100 _aArshnal & Alekseev
245 _aMetal Cutting Theory & Cutting Tool Design
250 _a0
260 _aNULL
_bMir Pub. Moscon
_c1979
300 _a568
650 _aNULL
999 _c574124
_d574124